<?xml version="1.0" encoding="UTF-8"?>
<collection xmlns="http://www.loc.gov/MARC21/slim">
 <record>
  <leader>06437nam a2200409 a 4500</leader>
  <controlfield tag="001">kal4407</controlfield>
  <controlfield tag="003">Gr-AtHEAL</controlfield>
  <controlfield tag="005">20160421093747.0</controlfield>
  <controlfield tag="006">m        d        </controlfield>
  <controlfield tag="008">160413s2015    gr      s           gre|c</controlfield>
  <datafield tag="020" ind1=" " ind2=" ">
   <subfield code="a">9789606034428</subfield>
  </datafield>
  <datafield tag="040" ind1=" " ind2=" ">
   <subfield code="a">GR-AtHEAL</subfield>
   <subfield code="b">gre</subfield>
   <subfield code="c">GR-AtHEAL</subfield>
  </datafield>
  <datafield tag="082" ind1="0" ind2="4">
   <subfield code="a">780</subfield>
   <subfield code="2">23</subfield>
  </datafield>
  <datafield tag="100" ind1="1" ind2=" ">
   <subfield code="a">Πούλος, Παναγιώτης.</subfield>
   <subfield code="8">1539</subfield>
  </datafield>
  <datafield tag="245" ind1="1" ind2="2">
   <subfield code="a">Η μουσική στον ισλαμικό κόσμο</subfield>
   <subfield code="h">[Ηλεκτρονικός πόρος] </subfield>
   <subfield code="b">Πηγές, θεωρήσεις, πρακτικές</subfield>
   <subfield code="c">Πούλος, Παναγιώτης ; Κριτικός αναγνώστης,Καλλιμοπούλου, Ελένη ; Τεχνική επιμέλεια,Λουκέρη, Σοφία ; Γλωσσική επιμέλεια,Κιοσέογλου, Νερίνα.</subfield>
  </datafield>
  <datafield tag="260" ind1=" " ind2=" ">
   <subfield code="a">Αθήνα :</subfield>
   <subfield code="b">Σύνδεσμος Ελληνικών Ακαδημαϊκών Βιβλιοθηκών,</subfield>
   <subfield code="c">c2015.</subfield>
  </datafield>
  <datafield tag="490" ind1=" " ind2=" ">
   <subfield code="a">Ακαδημαϊκά Ηλεκτρονικά Συγγράμματα και Βοηθήματα Κάλλιπος</subfield>
   <subfield code="8">40</subfield>
  </datafield>
  <datafield tag="505" ind1="0" ind2=" ">
   <subfield code="a">ΠρόλογοςΚεφάλαιο 1 Εισαγωγή - Ο ισλαμικός κόσμος και η μουσικήΚεφάλαιο 2 Πηγές - Μνήμη και προφορική μετάδοσηΚεφάλαιο 3 Πηγές – Βιογραφίες μουσικών, ανθολογίες τραγουδιών και συστήματα μουσικής σημειογραφίαςΚεφάλαιο 4 Πηγές - Υλικός πολιτισμός, ήχος και μουσικήΚεφάλαιο 5 Θεωρήσεις – Φιλοσοφία, επιστήμη και μουσικήΚεφάλαιο 6 Θεωρήσεις - Μουσική θεωρία και πράξηΚεφάλαιο 7 Πρακτικές – Μορφές και θεσμοί υποστήριξης της μουσικής: Αυλή, ωδείο και ραδιόφωνοΚεφάλαιο 8 Πρακτικές - Μουσική επιτέλεση και τελετουργία, Κατάλογος μουσικών όρων</subfield>
  </datafield>
  <datafield tag="520" ind1=" " ind2=" ">
   <subfield code="a">Το βιβλίο αποτελεί εισαγωγικό εγχειρίδιο για την ιστορική και εθνομουσικολογική μελέτη της μουσικής στον ισλαμικό κόσμο. Στόχος του βιβλίου είναι να εισαγάγει τον αναγνώστη/διδασκόμενο στον ιδιαίτερο ρόλο και τη θέση που κατέχει η μουσική στις κοινωνίες όπου ιστορικά το Ισλάμ αποτέλεσε κυρίαρχη θρησκεία, με απώτερο σκοπό να συμβάλει στην εμβάθυνση και την κατανόηση του ισλαμικού πολιτισμού. Το βιβλίο διαρθρώνεται γύρω από τρεις βασικούς θεματικούς άξονες (Πηγές, Θεωρήσεις, Πρακτικές) οι οποίοι παρουσιάζονται και αναλύονται ιστορικά, από την επικράτηση του Ισλάμ τον 7ο έως και τις αρχές του 20 αιώνα, και υποστηρίζονται με επιλεγμένα παραδείγματα από διαφορετικές μουσικές παραδόσεις (Αραβική, Περσική, Οθωμανική κλπ.) του ισλαμικού κόσμου. Ιδιαίτερη έμφαση δίνεται στην κατανόηση της σχέσης μεταξύ του Ισλάμ και της μουσικής, και του φάσματος των αντιλήψεων και των συμπεριφορών που διαμορφώθηκαν ιστορικά απέναντι στο ζήτημα των αποδεκτών χρήσεων της μουσικής στο θρησκευτικό πλαίσιο. Εξετάζονται αναλυτικά ζητήματα που αφορούν στους τρόπους μετάδοσης της μουσικής και που συμπεριλαμβάνουν προφορικές και γραπτές πρακτικές, στις φιλοσοφικές θεωρήσεις και τις θεωρητικές διαστάσεις σχετικά με τη μουσική τόσο ως τέχνη όσο και ως επιστήμη, καθώς και στην επιτελεστική διάστασή της που προσδιορίζεται από το ευρύτερο πολιτισμικό πλαίσιο, τους μουσικούς και τα διαφορετικά μουσικά είδη. Σε όλα τα παραπάνω θεματικά πεδία, η μουσική προσεγγίζεται και αναλύεται σε συνάρτηση με τις υπόλοιπες μορφές τέχνης (λογοτεχνία, εικονογραφία, αρχιτεκτονική κλπ.) και τα διαφορετικά πεδία δημιουργικών διεργασιών του ισλαμικού πολιτισμού.</subfield>
  </datafield>
  <datafield tag="650" ind1=" " ind2="0">
   <subfield code="a">Music</subfield>
   <subfield code="x">Islamic countries</subfield>
   <subfield code="8">1839</subfield>
  </datafield>
  <datafield tag="653" ind1=" " ind2=" ">
   <subfield code="a">Ιστορία της τέχνης</subfield>
  </datafield>
  <datafield tag="653" ind1=" " ind2=" ">
   <subfield code="a">Εθνομουσικολογία</subfield>
  </datafield>
  <datafield tag="653" ind1=" " ind2=" ">
   <subfield code="a">Ιστορία της μουσικής</subfield>
  </datafield>
  <datafield tag="653" ind1=" " ind2=" ">
   <subfield code="a">Ιστορία και πολιτισμός</subfield>
  </datafield>
  <datafield tag="653" ind1=" " ind2=" ">
   <subfield code="a">Μέση ανατολή</subfield>
  </datafield>
  <datafield tag="653" ind1=" " ind2=" ">
   <subfield code="a">Ισλάμ</subfield>
  </datafield>
  <datafield tag="653" ind1=" " ind2=" ">
   <subfield code="a">Τέχνες και γράμματα</subfield>
   <subfield code="a">Τέχνες του θεάματος</subfield>
   <subfield code="a">Μουσική</subfield>
  </datafield>
  <datafield tag="653" ind1=" " ind2=" ">
   <subfield code="a">Τέχνες και γράμματα</subfield>
   <subfield code="a">Τέχνες του θεάματος</subfield>
  </datafield>
  <datafield tag="653" ind1=" " ind2=" ">
   <subfield code="a">Ιστορία</subfield>
   <subfield code="a">Ειδικές ιστορίες</subfield>
   <subfield code="a">Ιστορία της τέχνης</subfield>
  </datafield>
  <datafield tag="653" ind1=" " ind2=" ">
   <subfield code="a">Ιστορία</subfield>
   <subfield code="a">Ιστορία των χωρών</subfield>
   <subfield code="a">Ευρώπη, Μεσόγειος, Μέση Ανατολή</subfield>
  </datafield>
  <datafield tag="653" ind1=" " ind2=" ">
   <subfield code="a">Ιστορία</subfield>
   <subfield code="a">Ειδικές ιστορίες</subfield>
   <subfield code="a">Ιστορία του πολιτισμού</subfield>
  </datafield>
  <datafield tag="700" ind1="1" ind2=" ">
   <subfield code="a">Καλλιμοπούλου, Ελένη</subfield>
   <subfield code="e">Κριτικός αναγνώστης</subfield>
   <subfield code="8">1540</subfield>
  </datafield>
  <datafield tag="856" ind1="4" ind2="0">
   <subfield code="u">http://hdl.handle.net/11419/4407</subfield>
   <subfield code="z">Πλήρες Κείμενο - Full text</subfield>
  </datafield>
  <datafield tag="907" ind1=" " ind2=" ">
   <subfield code="a">.b25677457</subfield>
   <subfield code="b">12-06-18</subfield>
   <subfield code="c">29-07-16</subfield>
  </datafield>
  <datafield tag="949" ind1=" " ind2=" ">
   <subfield code="0">0</subfield>
   <subfield code="1">0</subfield>
   <subfield code="2">ddc</subfield>
   <subfield code="4">0</subfield>
   <subfield code="6">780_000000000000000_ΠΟΥ</subfield>
   <subfield code="7">0</subfield>
   <subfield code="8">KALL</subfield>
   <subfield code="8">503</subfield>
   <subfield code="d">2016-04-13</subfield>
   <subfield code="r">2016-04-13</subfield>
   <subfield code="w">2016-04-13</subfield>
   <subfield code="z">780 ΠΟΥ</subfield>
   <subfield code="o">SEAB KALLIPOS</subfield>
  </datafield>
  <datafield tag="998" ind1=" " ind2=" ">
   <subfield code="a">80</subfield>
   <subfield code="a">01</subfield>
   <subfield code="a">02</subfield>
   <subfield code="a">03</subfield>
   <subfield code="a">04</subfield>
   <subfield code="a">05</subfield>
   <subfield code="a">06</subfield>
   <subfield code="a">07</subfield>
   <subfield code="a">08</subfield>
   <subfield code="a">09</subfield>
   <subfield code="a">10</subfield>
   <subfield code="a">11</subfield>
   <subfield code="a">12</subfield>
   <subfield code="a">13</subfield>
   <subfield code="a">14</subfield>
   <subfield code="a">15</subfield>
   <subfield code="a">16</subfield>
   <subfield code="a">17</subfield>
   <subfield code="a">18</subfield>
   <subfield code="a">19</subfield>
   <subfield code="a">20</subfield>
   <subfield code="a">21</subfield>
   <subfield code="a">22</subfield>
   <subfield code="a">23</subfield>
   <subfield code="a">24</subfield>
   <subfield code="a">25</subfield>
   <subfield code="a">26</subfield>
   <subfield code="b">10-05-17</subfield>
   <subfield code="c">m</subfield>
   <subfield code="d">z  </subfield>
   <subfield code="e">-</subfield>
   <subfield code="f">gre</subfield>
   <subfield code="g">gr </subfield>
   <subfield code="h">2</subfield>
  </datafield>
  <datafield tag="942" ind1=" " ind2=" ">
   <subfield code="2">ddc</subfield>
   <subfield code="c">KALLIPOS</subfield>
  </datafield>
 </record>
</collection>
